Responses for Show #8071 - Monday, October 14, 2019

Contestants

[<< previous game]

Erin Barry, a Ph.D. student from Maplewood, Missouri

Anthony Pinggera, a civil rights lawyer from Los Angeles, California

Susan White, a bookseller from Norwich, Vermont (whose 1-day cash winnings total $8,700)

[next game >>]

Jeopardy! Round responses

BAYOU TRAP-ISTRY
LET'S LIVE ABROAD
I READ IT IN THE WORLD BOOK
SPEAK SOFTLY
& CARRIE
A BIG STATISTIC
    $200 27
Houston

Erin
    $200 1
Siberia

Susan
    $200 28
(Erin: What is hubbub?)
...
[The end-of-round signal sounds.]

murmur

Erin
Triple Stumper
    $200 5
Carrie Fisher

Anthony
    $400 26
crayfish

Erin
    $400 2
Tijuana

Anthony
    $400 13
cranes

Anthony
    $400 21
inside voice

Erin
    $400 6
Four Weddings and a Funeral

Triple Stumper
    $400 25
(Susan: What is scuba diver?)
(Anthony: What is lifeguard?)
(Erin: What is underwater welder?)
[Audience laughs]

fishing

SusanAnthonyErin
Triple Stumper
    $3,500 18
alligators

Anthony
    $600 20
Toronto

Erin
    $600 3
Neptune

Anthony
    $600 14
hushed

Erin
    $600 10
Carrie Underwood

Erin
    $600 22
under the sofa cushion

Susan
    $800 17
cold-blooded

Anthony
    $800 9
Barcelona

Erin
    $800 4
water polo

Erin
    $800 15
(Erin: What are pastel?)

muted

AnthonyErin
    $800 11
Sissy Spacek

Erin
    $800 23
Great Smoky Mountains

Anthony
    $1000 16
(Erin: What are beavers?)

nutria

AnthonyErin
    $1000 8
Milan

Anthony
    $1000 7
(Susan: Who was Fred Astaire?)

Nijinsky

SusanAnthony
    $1000 19
sotto

Erin
    $1000 12
Carrie Brownstein

Erin
    $1000 24
(Anthony: What is H&R Block?)
...
(Alex: Less than a minute to go now, Anthony.)

BlackRock

Anthony
Triple Stumper

Scores at the first commercial break (after clue 15):

Susan Anthony Erin
-$800 $4,400 $3,800

Scores at the end of the Jeopardy! Round:

Susan Anthony Erin
-$600 $9,100 $4,800

Double Jeopardy! Round responses

THE MANY BUILDINGS OF I.M. PEI
(Alex: The great architect who died in 2019. 102 years old.)
LOVE SONGS
THE TREATY SAYS SO
AMERICAN POETS LAUREATE
5 DAYS IN OCTOBER
"V"-8
(Alex: Each correct response will have eight letters, will begin with the letter V.)
    $400 1
the Rock & Roll Hall of Fame

Erin
    $400 2
Whitney Houston

Anthony
    $400 7
slaves

Anthony
    $400 26
(Alex: Less than a minute.)

the Library of Congress

Susan
    $400 18
Alaska

Erin
    $400 19
(Erin: A [*]? Or what is a [*]?)

a vineyard

Erin
    $800 12
Ed Sheeran

Erin
    $800 6
Christianity

Anthony
    $800 25
(Anthony: Who is Sandford?)

Carl Sandburg

Anthony
Triple Stumper
    $800 15
cats

Susan
    $800 20
a virtuoso

Susan
    $1200 28
Hong Kong

Anthony
    $1200 11
John Legend

Erin
    $1200 5
Panama

Anthony
    $1200 24
John Denver

Susan
    $1200 16
Ukraine

Erin
    $1200 21
"Vacation"

Erin
    $1,000 27
(John F.) Kennedy

Susan
    $1600 10
Air Supply

Triple Stumper
    $1600 4
Germany

Anthony
    $4,000 13
(Erin: Mm... what is... New York?)

San Francisco

Erin
    $1600 17
Teresa of Avila

Susan
    $1600 22
varicose

Anthony
    $2000 29
[The end-of-round signal sounds.]
(Alex: And you pronounced it correctly.)

Qatar

Erin
    $2000 9
"Love Me Tender"

Erin
    $2000 3
(Erin: What is Superior?)
...
(Alex: What is [*] because it's the only Great Lake that does not border Canada.)

Lake Michigan

Erin
Triple Stumper
    $2000 8
Oklahoma

Erin
    $2000 14
Haiti

Susan
    $2000 23
(Alex: Both.)

verboden or verboten

Erin

Scores at the end of the Double Jeopardy! Round:

Susan Anthony Erin
$7,200 $15,500 $12,400

[wagering suggestions for these scores]

Final Jeopardy! Round responses

CHEMICAL SYMBOL WORDPLAY
(Alex: [After the reveal of Susan's correct response] Na for sodium, C for carbon, H for hydrogen, O for oxygen.)
SusanWhat is nacho?
$2,100
ErinWhat is Nacho?
$8,000
AnthonyWhat is Nancy?
$10,000
nacho

Final scores:

Susan Anthony Erin
$9,300 $5,500 $20,400
2nd place: $2,000 3rd place: $1,000 New champion: $20,400

Game dynamics:

Coryat scores:

Susan Anthony Erin
$7,800 $12,600 $16,400
9 R
(including 1 DD),
2 W
18 R
(including 1 DD),
3 W
22 R,
6 W
(including 1 DD)

Combined Coryat: $36,800

[game clues] [game scores] [suggest correction]

Game tape date: 2019-08-14
The J! Archive is created by fans, for fans. Scraping, republication, monetization, and malicious use prohibited; this site may use cookies and collect identifying information. See terms. The Jeopardy! game show and all elements thereof, including but not limited to copyright and trademark thereto, are the property of Jeopardy Productions, Inc. and are protected under law. This website is not affiliated with, sponsored by, or operated by Jeopardy Productions, Inc. Join the discussion at JBoard.tv.